| 000 | 00324nam a2200097Ia 4500 | ||
|---|---|---|---|
| 008 | 220216s9999 xx 000 0 und d | ||
| 100 | _aWhite J R | ||
| 245 | 0 | _aWeathering of Polymers | |
| 260 |
_bProceedings of the International Conference on Rubbers, Calcutta, December 12-14 1997, Vol. III, pp. 112-115. _c1997 |
||
| 942 | _cJS | ||
| 999 |
_c72332 _d72332 |
||